Normal view
MARC view
Entry Personal Name
001 - CONTROL NUMBER
- control field: 51432
003 - CONTROL NUMBER IDENTIFIER
- control field: ARRUPE
005 - DATE AND TIME OF LATEST TRANSACTION
- control field: 20220505095359.0
008 - FIXED-LENGTH DATA ELEMENTS
- fixed length control field: 220505|| aca||aabn | a|a d
040 ## - CATALOGING SOURCE
- Original cataloging agency: ARRUPE
- Transcribing agency: ARRUPE
100 ## - HEADING--PERSONAL NAME
- Personal name: Ryle, Gilbert,
- Dates associated with a name: 1900-1976
670 ## - SOURCE DATA FOUND
- Source citation: Work cat.: (ARRUPE)131353: Ryle, Gilbert, 1900-1976., The concept of mind /, 1984, c1949.